000 00391nam a22001697a 4500
003 MPLRDC
005 20220104114544.0
008 210129b ||||| |||| 00| 0 eng d
082 _a857.9 TT*
100 _a唐棠编写
245 _a昆仑奴
_c
260 _a
_b香港宏业书局
_c
300 _b
490 _a古传奇新编;2
650 _a武侠小说
942 _cBK
_o857.9 TT*
999 _c8394
_d8384